| 000 | 00655nam a22002177a 4500 | ||
|---|---|---|---|
| 003 | BUBTL | ||
| 008 | 200916b xxu||||| |||| 00| 0 eng d | ||
| 020 | _a978-007-125952-1 | ||
| 082 | _a658.1511/GAM | ||
| 100 |
_aGarrison, Ray H. _93503 |
||
| 245 |
_aManagerial Accounting _bRay H. Garrison,Eric W.Noreen and Peter C.Brewer |
||
| 250 | _a14th | ||
| 260 |
_aNew York _bMcGraw Hill _cc2011 |
||
| 300 |
_a762p . : _bill . ; 24cm. |
||
| 500 | _aIncludes Index | ||
| 650 |
_aAccounting _93504 |
||
| 700 |
_aRay H. Garrison,Eric W.Noreen and Peter C.Brewer _93505 |
||
| 856 |
_k0 _l0 _yDownload |
||
| 942 |
_2ddc _cBK |
||
| 999 |
_c6372 _d6372 |
||